000 01352cam a2200361 a 4500
003 CHAP
005 20220329142922.0
008 050223s1995 mx r 10000 spa d
010 _a89647
011 _a90619
020 _a9688841943
035 _a101175
040 _cCHAP
082 0 4 _a630.72
_bF5
111 0 0 _aForo Interno de Evaluación y Perspectivas del Servicio Universitario en la UACH (
_n2 :
_d1995 :
_cChapingo, Méx.)
_942465
245 1 0 _aMemoria
_c/por UACH. Comité de Servicio Universitario
260 _a(Chapingo, Méx. :
_bUACH. Comité de Servicio Universitario,
_c1995.
300 _a155 p.
590 _aBATCH-UPD
_b10
_c20130110
_lUCH01
_h1016
590 _aBATCH-UPD
_b10
_c20130410
_lUCH01
_h0623
590 _aBATCH-UPD
_b10
_c20130913
_lUCH01
_h2107
590 _aCONVERSION
_b10
_c20130109
_lUCH01
_h1350
650 0 4 _aAgricultura
_xInvestigación
_xMéxico.
_91643
650 0 4 _aAyuda técnica.
_99035
650 0 4 _aEducación superior
_xInvestigación.
_935643
650 0 4 _aExtensión agrícola
_xCongresos.
_939155
901 _aBK
905 _aAlejandra Carrasco M.
942 _cLIBRO
949 _a630.72 F5
_bBC
_cCONG
_d33724000795753
_eCONG
_fc.2
_h104959
_i101175
_sb
949 _a630.72 F5
_bBC
_cLIBRO
_d33724000795886
_eLIBRO
_h104958
_i101175
_sb
949 _a630.72 F5
_bBC
_cUACH
_d1011753
_eUACH
_fc.3
_h104960
_i101175
_sb
999 _c89647
_d89647